| 000 | 00976nam a22002175i 4500 | ||
|---|---|---|---|
| 001 | 175194 | ||
| 003 | ES-MaACL | ||
| 005 | 20250822040307.0 | ||
| 008 | 101013s1968 sp |||| | spa d | ||
| 080 | _a159.922.7 | ||
| 100 | 1 |
_aLutz, Jakob. _9143586 |
|
| 245 | 1 | 0 |
_aPsiquiatría infantil : _bintroducción a su estudio y praxis : obra destinada a médicos, educadores, asistentes sociales y jueces de menores, con atención especial a los problemas de la pedagogía terapéutica / _cJakob Lutz ; con la colaboración de Hedwig Walder ... [et al.] ; versión española de Carlota Romero. |
| 260 |
_aMadrid : _bGredos, _c[1968] |
||
| 300 |
_a390 p. ; _c24 cm. |
||
| 490 | 1 |
_aBiblioteca de psicología y psicoterapia ; _v12 |
|
| 650 | 7 |
_aPsiquiatría infantil _2embne _916595 |
|
| 700 | 1 |
_aRomero, Carlota. _999309 |
|
| 830 | 1 | 0 |
_aBiblioteca de psicología y psicoterapia _v12 _9189553 |
| 852 | 4 |
_aES-MaACL _jE-13367 _xOlim P-527-Ter |
|
| 999 |
_c175194 _d175194 |
||